V Trobada d'Estudiosos del Montseny : comunicacions presentades el dia 23 de novembre de 2000 a Aiguafreda comunicacions presentades el dia 23 de novembre de 2000 a Aiguafreda
ISBN:
84-7794-856-9
Descripción Física:
199 p. : il. ; 30 cm
Materias:
Montseny -- Congressos
MARC
| LEADER | 00000nam a2200000Ia 4500 | ||
|---|---|---|---|
| 001 | 14139 | ||
| 008 | 160829s2002 xx 000 0 cat d | ||
| 020 | |a 84-7794-856-9 | ||
| 080 | |a C-2-237 | ||
| 111 | 2 | |a Trobada d'Estudiosos del Montseny |n (5a : |d 2000 : |c Aiguafreda, Catalunya) |9 55746 | |
| 245 | |a V Trobada d'Estudiosos del Montseny : |b comunicacions presentades el dia 23 de novembre de 2000 a Aiguafreda | ||
| 260 | |a [Barcelona] : |b Diputació de Barcelona, Xarxa de Municipis, Àrea de Parcs Naturals, |c 2002 | ||
| 300 | |a 199 p. : |b il. ; |c 30 cm | ||
| 490 | |a Monografies / Diputació de Barcelona. Àrea de Parcs Naturals ; 33 | ||
| 590 | |a Extractes en català, castellà i anglès | ||
| 650 | |a Montseny |x Congressos |9 24780 | ||
| 710 | |a Barcelona (Catalunya : Província). |b Àrea d'Espais Naturals |9 9050 | ||
| 901 | |a Arxiu | ||
| 942 | |n 1 | ||
| 952 | |0 0 |1 0 |4 0 |6 C2237 |7 1 |9 44105 |a Arxiu |b Arxiu |d 2016-12-01 |l 0 |o C-2-237 |p 14139 |r 2016-12-01 00:00:00 |w 2016-12-01 |y ARXIU | ||
| 999 | |c 46685 |d 46685 | ||